Statistics for Countries with at least one FIFA World Cup title

Click here to take the quiz!

General Stats

  • This quiz has been taken 301 times
  • The average score is 8 of 8

Answer Stats

Number of titlesCountry% Correct
5Brazil
100%
2Argentina
99%
4Germany
99%
4Italy
99%
1France
98%
1Spain
95%
1England
93%
2Uruguay
92%

Score Distribution

Percentile by Number Answered

Percent of People with Each Score

Your Score History

You have not taken this quiz